• 首页
  • 本馆介绍
  • 公告通知
  • 最新文献
  • 馆藏检索
  • 电子资源
  • 读者导购
  • 参考咨询
  • 我的图书馆
  • 登录
  • 详细信息显示
  • 放入我的书架
  • 预约/预借图书
  • 作者相关作品
  • 分类相关作品
  • 丛书相关作品
  • 出版社相关作品

书目信息

  • 表格格式
  • 工作单格式
  • 卡片格式
题名:
医学计算机基础
    
 
作者: 刘永生 , 杨明 主编
分册:  
出版信息: 北京   科学出版社  2010.06
页数: 323页
开本: 26cm
丛书名:
单 册:
中图分类: R319
科图分类:
主题词: 医药学:基础科学 , 医学人类学
电子资源:
ISBN: 978-7-03-025172-5
000 00703nam0 2200241 450
001 1132063685
005 20110614085623.26
010    @a978-7-03-025172-5@dCNY32.00
100    @a20110614d2010 km y0chiy0120 ea
101 0  @achi
102    @aCN@b110000
200 1  @a医学计算机基础@Ayi xue ji suan ji ji chu@f刘永生,杨明主编@Fliu yong sheng,yang ming zhu bian
205    @a修订版
210    @a北京@c科学出版社@d2010.06
215    @a323页@d26cm
300    @a普通高等教育"十一五"规划教材
606 0  @a医药学:基础科学
606 0  @a医学人类学
690    @aR319@v5
701  0 @a刘永生@Aliu yong sheng@4主编
701  0 @a杨明@Ayang ming@4主编
801  0 @aCN@bNISOFT@c20110614
905    @aBZT@dR319@e5
    
    医学计算机基础/刘永生,杨明主编.-修订版.-北京:科学出版社,2010.06
    323页;26cm
    普通高等教育"十一五"规划教材
    
    ISBN 978-7-03-025172-5:CNY32.00
    
●
相关链接 在五车中查询图书 在当当中查询图书 在豆瓣中查询图书


正题名:医学计算机基础     索取号:R319/5         预约/预借

序号 登录号 条形码 馆藏地/架位号 状态 备注
1 794287   2000794287   中心书库中库/ 中库005架B面3列7层30/ [索取号:R319/5] 在馆    
2 794288   2000794288   中心书库中库/ 中库005架B面3列7层32/ [索取号:R319/5] 在馆    
3 794289   2000794289   中心书库中库/ 中库005架B面3列7层31/ [索取号:R319/5] 在馆    
4 794290   2000794290   中心书库中库/ 中库005架B面3列7层33/ [索取号:R319/5] 在馆    
5 794291   2000794291   中心书库中库/ 中库005架B面3列7层29/ [索取号:R319/5] 在馆    
山东省滨州职业学院图书馆 欢迎您!
大连网信软件有限公司© 版权所有